000 01473nam a22002297a 4500
003 NALT
005 20251125233118.0
008 s2556 th tha d
040 _aNALT
041 _atha
050 _aDS 588.S6
_bร189ล 2556
100 0 _aรอมฎอน ปันจอร์
_940758
245 1 0 _aเลือกอนาคต :
_bบทสังเคราะห์การพิจารณาทางเลือกเกี่ยวกับการเมืองการปกครองในเวทีนโยบายสาธารณะ "ชายแดนใต้จัดการตนเอง" /
_cรอมฏอน ปันจอร์.
260 _aนนทบุรี :
_bสำนักงานประสานการพัฒนาสังคมสุขภาวะ (สปพส.),
_c2556.
300 _a56 หน้า :
_bตาราง ;
_c21 ซม.
650 4 _aการบริหารความขัดแย้ง
_932027
_zไทย (ภาคใต้)
_xการมีส่วนร่วมของประชาชน
651 4 _932028
_aไทย (ภาคใต้)
_xการเมืองและการปกครอง
_xการมีส่วนร่วมของประชาชน
850 _aNALT
856 4 0 _uhttps://hdl.handle.net/20.500.14156/519895
942 _cGB
_2lcc
999 _c72550
_d72550
998 _j104
_k นางสาวสายฝน ดีงาม